00225nam a2200097Ia 4500008004100000041000800041100002100049245002600070650001200096999001900108230605s9999 xx 000 0 und d aeng aSharpley /Telfer aTourism & Development aTourism c417664d417664